| 000 | 04341nas a22003137a 4500 | ||
|---|---|---|---|
| 003 | NALT | ||
| 005 | 20250730134756.0 | ||
| 006 | a|||p|r|||| 00| 0 | ||
| 007 | ta | ||
| 008 | 250730b th |||p| |||| 00| 0 tha d | ||
| 040 | _aNALT | ||
| 041 | _atha | ||
| 245 | 0 | 0 | _aดุลพาห ปีที่ 27 เล่ม 1-6 (มกราคม-ธันวาคม 2524). |
| 260 | _aโรงพิมพ์ชวนพิมพ์. | ||
| 310 | _aรายสองเดือน | ||
| 500 | _aวารสารเย็บเล่ม | ||
| 505 | 2 | _aปีที่ 28 เล่ม 1 ม.ค.-ก.พ. 2524 -- คดีไม่มีทุนทรัพย์ไม่ห้ามอุทธรณ์ฎีกาในปัญหาข้อเท็จจริง -- ศาลจังหวัดที่ตั้งอยู่อำเภอ -- ราชสีห์และราชบัลลังก์. | |
| 505 | 2 | _aปีที่ 28 เล่ม 3 พ.ค.-มิ.ย. 2524 -- ข้อยกเว้นในเหตุฟ้องหย่า -- เขาวิเคราะห์งบประมาณกันอย่างไร -- ระบอบประชาธิปไตยและเผด็จการ: ระหว่างเหตุผลกับอำนาจ -- การริบรถริบเรือที่ใช้ชิงทรัพย์ ปล้นทรัพย์ -- บทตัดพยานบอกเล่าในกฎหมายไทย -- กฎหมายกับสังคม -- ศาลและกระทรวงยุติธรรม. | |
| 505 | 2 | _aปีที่ 28 เล่ม 4 ก.ค.-ส.ค. 2524 -- การนำข้อเท็จจริงเข้าสู่ข้อกฎหมาย -- คำสั่งคำร้องที่ยื่นตามมาตรา 199 แห่งประมวลกฎหมายวิธีพิจารณาความแพ่งจะถือเป็นคำสั่งระหว่างพิจารณา เสมอไปหรือไม่ -- เอกสารที่ต้องปิดอากรแสตมป์ -- การอุทธรณ์คดีภาษีอากร -- ข้อคิดเกี่ยวกับการนำวิธีพิจารณาคดีแรงงานบางประการไปใช้ในศาลยุติธรรม -- สิทธิเรียกร้องในสัญญาเช่าซื้อ สังหาริมทรัพย์. | |
| 505 | 2 | _aปีที่ 28 เล่ม 5 ก.ย.-ต.ค. 2524 -- รายงานการประชุมกฎหมายแห่งโลก ครั้งที่ 10 ณ เมืองเซา เปาโล ประเทศบราซิล และการดูงานศาลในประเทศอาร์เจนตินา ประเทศชิสี และประเทศเปรู -- ฟ้องซ้อน -- การชันสูตรพลิกศพ -- ศาลแรงงานในประเทศอิสราเอล -- ธนาคารโลกและการเคลื่อนย้ายทุนระหว่างประเทศ. | |
| 505 | 2 | _aปีที่ 28 เล่ม 6 พ.ย.-ธ.ค. 2524 -- ท่านช่วยศาลแรงงานได้อย่างไร -- กฎหมายลักษณะพยานของไทยเป็นกฎหมายในระบบกล่าวหาจริงหรือ -- บันทึกการเดินทางเยือนสาธารณรัฐประชาชนจีน -- กฎอัยการศึกและเขตอำนาจศาลยุติธรรมเมื่อมีการประกาศใช้กฎอัยการศึก. | |
| 650 | 4 |
_aศาลแรงงาน _915985 |
|
| 650 | 0 |
_aกฎอัยการศึก _93354 |
|
| 850 | _aNALT | ||
| 866 | _aปีที่ 27 เล่ม 1-6 (มกราคม-ธันวาคม 2524). | ||
| 942 | _cBOUND | ||
| 996 |
_aaroonthip.c _bLIBSTF _c2025-07-30 |
||
| 999 |
_c107032 _d107032 |
||
| 998 |
_h179 _j179 _k นางสาวอรุณทิพย์ จันทร์ดิษฐ์ |
||